Sports Quiz

Random Sports Quiz

Ultimate Fighter contestants Quiz Stats

 Plays Quiz not verified by Sporcle

Score 0/107 Timer 10:00
0 Plays Today
% Correct
Forrest Griffin
88.1%
Chris Leben
86.4%
Stephan Bonnar
84.7%
Kenny Florian
81.4%
Diego Sanchez
79.7%
Rashad Evans
79.7%
Michael Bisping
79.7%
Josh Koscheck
78%
Matt Serra
76.3%
Nate Diaz
76.3%
Chris Lytle
74.6%
Michael Johnson
74.6%
Joe Stevenson
72.9%
Matt Brown
67.8%
Roy Nelson
67.8%
Mike Swick
66.1%
Matt Hamill
66.1%
Matt Mitrione
66.1%
Ross Pearson
64.4%
James Wilks
64.4%
DaMarques Johnson
62.7%
Ryan Bader
61%
Jon Madsen
61%
Joe Lauzon
59.3%
Mac Danzig
59.3%
Amir Sadollah
59.3%
Shane Nelson
59.3%
Jonathan Brookins
57.6%
Chris Cope
57.6%
Tony Ferguson
57.6%
Matt Wiman
55.9%
Efrain Escudero
55.9%
James McSweeney
55.9%
Brad Imes
54.2%
Kendall Grove
54.2%
Manvel Gamburyan
54.2%
% Correct
Gray Maynard
54.2%
Brendan Schaub
54.2%
Alex Karalexis
52.5%
Patrick Cote
52.5%
Josh Haynes
50.8%
Ed Herman
50.8%
Travis Lutter
50.8%
George Sotiropoulos
50.8%
C.B. Dollaway
50.8%
Tom Lawlor
50.8%
Chris Camozzi
50.8%
Court McGee
50.8%
Sam Hoger
49.2%
Nate Quarry
49.2%
Andre Winner
49.2%
Alex Caceres
49.2%
Ramsey Nijem
49.2%
Keith Jardine
47.5%
Shonie Carter
47.5%
Cole Miller
47.5%
Matt Arroyo
47.5%
Marcus Davis
45.8%
George Roop
45.8%
Josh Burkman
44.1%
Luke Cummo
44.1%
Melvin Guillard
44.1%
Phillipe Nover
44.1%
Kris McCray
44.1%
Brad Tavares
44.1%
Jorge Gurgel
42.4%
Jorge Rivera
42.4%
Rob Emerson
42.4%
Corey Hill
42.4%
Cody McKenzie
42.4%
Pete Sell
40.7%
Scott Smith
40.7%
% Correct
Seth Petruzelli
39%
Kyle Kingsbury
39%
Jason Dent
39%
Rob MacDonald
35.6%
Nam Phan
35.6%
Jason Von Flue
33.9%
Charles McCarthy
33.9%
Pete Spratt
33.9%
Din Thomas
33.9%
Tim Credeur
33.9%
Krzysztof Soszynski
33.9%
Kyle Noke
33.9%
Rich Clementi
32.2%
Seth Baczynski
32.2%
Kalib Starnes
30.5%
Ben Saunders
30.5%
Nick Osipczak
30.5%
Rich Attonito
28.8%
Jesse Forbes
28.8%
Rory Singer
28.8%
Nick Ring
28.8%
Shamar Bailey
28.8%
Matthew Riddle
27.1%
Wes Sims
27.1%
Edwin Dewees
25.4%
Gerald Harris
25.4%
Eliot Marshall
23.7%
Waylon Lowe
22%
Clay Harvison
22%
Gabe Ruediger
20.3%
Mikey Burnett
18.6%
Pablo Garza
18.6%
Justin Edwards
18.5%
Rolando Delgado
16.9%
Constantinos Philippou
13.6%

You're not logged in!

Compare scores with friends on all Sporcle quizzes.
OR
Log In

Show Comments

Extras

Created Dec 1, 2011ReportNominate
Tags:fighter, notable, tuf, ultimate

Top Quizzes Today


Score Distribution

Your Account Isn't Verified!

In order to create a playlist on Sporcle, you need to verify the email address you used during registration. Go to your Sporcle Settings to finish the process.

Report this User

Report this user for behavior that violates our Community Guidelines.

Details: